Real estate appraising in Canada: prepared by a special committee of the National Education Administration Committee under H.P. Hamilton & L.H. Howard (Record no. 92507)

MARC details
000 -LEADER
fixed length control field 00568cam a2200181 4500
001 - CONTROL NUMBER
control field D978
008 - FIXED-LENGTH DATA ELEMENTS--GENERAL INFORMATION
fixed length control field 090401t1970 xxu||||| |||| 00| 0 eng d
035 ## - SYSTEM CONTROL NUMBER
System control number (Sirsi) u49165
041 ## - LANGUAGE CODE
Language code of text/sound track or separate title eng
050 ## - LIBRARY OF CONGRESS CALL NUMBER
Classification number 333.3320971
110 ## - MAIN ENTRY--CORPORATE NAME
Corporate name or jurisdiction name as entry element Appraisal Institute of Canada
9 (RLIN) 829
245 ## - TITLE STATEMENT
Title Real estate appraising in Canada: prepared by a special committee of the National Education Administration Committee under H.P. Hamilton & L.H. Howard
260 ## - PUBLICATION, DISTRIBUTION, ETC.
Place of publication, distribution, etc. Winnipeg
Name of publisher, distributor, etc. The Institute of Canada
Date of publication, distribution, etc. 1970
300 ## - PHYSICAL DESCRIPTION
Extent 373p. 24cm
350 ## - PRICE (NR) (BK AM CF MU VM SE) [OBSOLETE]
Price 0
942 ## - ADDED ENTRY ELEMENTS (KOHA)
Suppress in OPAC 0
948 ## - LOCAL PROCESSING INFORMATION (OCLC); SERIES PART DESIGNATOR (RLIN)
c (OCLC) 04/03/1997
Holdings
Withdrawn status Lost status Source of classification or shelving scheme Damaged status Not for loan Home library Current library Shelving location Date acquired Total Checkouts Full call number Barcode Date last seen Copy number Price effective from Koha item type
    Dewey Decimal Classification     London London Basement 14/09/1999   SHELF 315 30008049 06/08/2019 1 06/08/2019 Book